Child Anxiety Disorders (Record no. 349388)

000 -LEADER
fixed length control field 00426nam a22001697a 4500
003 - CONTROL NUMBER IDENTIFIER
control field OSt
005 - DATE AND TIME OF LATEST TRANSACTION
control field 20180116182948.0
008 - FIXED-LENGTH DATA ELEMENTS--GENERAL INFORMATION
fixed length control field 131008b xxu||||| |||| 00| 0 eng d
022 ## - INTERNATIONAL STANDARD SERIAL NUMBER
International Standard Serial Number 9780415873734
040 ## - CATALOGING SOURCE
Transcribing agency 0
082 ## - DEWEY DECIMAL CLASSIFICATION NUMBER
Edition number 2nd
Classification number 618.928522 BEI 2011
100 ## - MAIN ENTRY--PERSONAL NAME
Personal name Deborah C
245 ## - TITLE STATEMENT
Title Child Anxiety Disorders
Remainder of title A guide to research and treatement
Statement of responsibility, etc. Deborah C
260 ## - PUBLICATION, DISTRIBUTION, ETC.
Date of publication, distribution, etc. 2011
300 ## - PHYSICAL DESCRIPTION
Extent 524p.
942 ## - ADDED ENTRY ELEMENTS (KOHA)
Source of classification or shelving scheme
Koha item type Book
Holdings
Withdrawn status Lost status Source of classification or shelving scheme Damaged status Not for loan Collection code Permanent Location Current Location Shelving location Date acquired Total Checkouts Full call number Barcode Date last seen Date last checked out Price effective from Koha item type
            Central Library (CL) Central Library (CL) General Stacks 10/08/2013 1 618.928522 BEI 2011 NBSPS-16 11/09/2013 10/08/2013 10/08/2013 Book
            Central Library (CL) Central Library (CL) General Stacks 10/08/2013 1 618.928522 BEI 2011 NBSPS-17 11/09/2013 10/08/2013 10/08/2013 Book
            Central Library (CL) Central Library (CL) General Stacks 10/08/2013   618.928522 BEI 2011 NBSPS-18 10/08/2013   10/08/2013 Book
            Central Library (CL) Central Library (CL) General Stacks 10/08/2013   618.928522 BEI 2011 NBSPS-19 10/08/2013   10/08/2013 Book
            Central Library (CL) Central Library (CL) General Stacks 10/08/2013   618.928522 BEI 2011 NBSPS-20 10/08/2013   10/08/2013 Book
© 2023 Central Library, National University of Sciences and Technology. All Rights Reserved.